| 000 | 01294nam a22002417a 4500 | ||
|---|---|---|---|
| 003 | Uzh_bibl | ||
| 008 | 260420b |||||||| |||| 00| 0 ukr d | ||
| 020 |
_a5-7775-0454-X _c7.25 |
||
| 040 | _bукр. | ||
| 041 |
_2ukr _aukr |
||
| 080 | _a94(477) | ||
| 090 |
_a94(477) _bЯ 22 |
||
| 100 | _aЯворницький,Дмитро | ||
| 245 |
_aГетьман Петро Конашевич Сагайдачний _cред.Ю.В.Пшеничний _hТекст |
||
| 260 |
_aДніпропетровськ _bСіч _c1991 |
||
| 300 | _a70 с. | ||
| 520 | _aПраця Д. І. Яворницького присвячена дослідженню життя, державно-політичної діяльності та славних подвигів гетьмана України Петра Конашевича Сагайдачного народного героя, козацького полководця, видатного політика і українського просвітителя. | ||
| 521 | _aДля широкого кола читачів | ||
| 546 | _aукр. | ||
| 650 |
_aДокументально-художне видання _vІсторична література |
||
| 653 |
_aПолководець _aКозаки _aГетьман |
||
| 942 |
_2udc _cBK |
||
| 999 |
_c17405 _d17405 |
||